=LDR 00000nam 2200000 4500 =001 INLIS000000000000769 =005 20130612085211 =008 ***********************************Ind** =035 ##$$0010-061300000000769 =041 ##$$a Ind =082 ##$$a 92(Nietzsche) =090 ##$$a 92(Nietzsche), Nie-e =100 ##$$a Nietzsche, Friedrich =245 ##$$a Eece homo, lihatlah dia, Friedrich Nietzsche; alih bahasa Omi Intan Naomi =260 ##$$a 1998 $b Yogyakarta =300 ##$$a Lvi, 174 hlm, 21 cm =650 ##$$a Nietzsche, Friedrich =700 ##$$a Naomi, Omi Intan =850 ##$$a NBPNMAT